000 00631nam a2200217 a 4500
001 14153
003 BD-JhCC
005 20250203123143.0
008 250203b 2020e a|||| ||a| 001 0 eng d
020 _a9780241412749
035 _a(BD-JhCC)14153
040 _aBD-JhCC
_dBD-JhCC
041 _aenglish
082 _a520.2
_bUNI 2020
245 _aUniverse :
_bThe definitive visual guide /
260 _a London:
_bDorling Kindersley Limited;
_c2020.
300 _a528 p. :
_bill;
_c31 cm.
650 _a Popular Works on Astronomy
_vAstronomie Ouvrages de
_xAstronomy Popular works
_zAstronomy
942 _2ddc
_cBK
999 _c14153
_d14153